书目信息 |
| 题名: |
数值分析
|
|
| 作者: | 奥克滕 著 ;史明仁 译 | |
| 分册: | ||
| 出版信息: | 北京 机械工业出版社 2021.05 |
|
| 页数: | 204页 | |
| 开本: | 26cm | |
| 丛书名: | 计算机科学丛书 | |
| 单 册: | ||
| 中图分类: | O241 , TP312.8JU | |
| 科图分类: | ||
| 主题词: | 数值分析--shu zhi fen xi , 程序语言--cheng xu yu yan--程序设计 | |
| 电子资源: | ||
| ISBN: | 978-7-111-67956-1 | |
| 000 | 01451nam 2200361 450 | |
| 001 | 202021190249 | |
| 005 | 20211025120124.0 | |
| 010 | @a978-7-111-67956-1@dCNY79.00 | |
| 100 | @a20210919d2021 em y0chiy50 ea | |
| 101 | 1 | @achi@ceng |
| 102 | @aCN@b110000 | |
| 105 | @aa a 001yy | |
| 106 | @ar | |
| 200 | 1 | @a数值分析@Ashu zhi fen xi@e基于Julia@f(美) 吉拉伊·奥克滕著@d= First semester in numerical analysis with Julia@fGiray Okten@g史明仁译@zeng |
| 210 | @a北京@c机械工业出版社@d2021.05 | |
| 215 | @a204页@c图@d26cm | |
| 225 | 2 | @a计算机科学丛书@Aji suan ji ke xue cong shu |
| 300 | @a华章教育 | |
| 306 | @a由Giray Okten授权出版 | |
| 320 | @a有书目 (第199-200页) 和索引 | |
| 330 | @a本书详细介绍数值分析的理论和方法, 并用Julia编程语言给出了算法实现。第1章除了复习数值分析要用到的微积分知识外, 还介绍了Julia基础, 以及实数的计算机表达与由此产生的误差 ; 第2-5章涵盖数值分析课程的四部分内容: 方程求根、插值、数值积分和数值微分、逼近理论。 | |
| 410 | 0 | @12001 @a计算机科学丛书 |
| 500 | 10 | @aFirst semester in numerical analysis with Julia@mChinese |
| 517 | 1 | @a基于Julia@Aji yu Julia |
| 606 | 0 | @a数值分析@Ashu zhi fen xi |
| 606 | 0 | @a程序语言@Acheng xu yu yan@x程序设计 |
| 610 | 0 | @aJulia语言@AJulia yu yan |
| 690 | @aO241@v5 | |
| 690 | @aTP312.8JU@v5 | |
| 701 | 1 | @a奥克滕@Aao ke teng@g(Okten, Giray)@4著 |
| 702 | 0 | @a史明仁@Ashi ming ren@4译 |
| 801 | 0 | @aCN@c20210909 |
| 905 | @a河南城建学院图书馆@dO241@eA760 | |
| 数值分析:基于Julia/(美) 吉拉伊·奥克滕著= First semester in numerical analysis with Julia/Giray Okten/史明仁译.-北京:机械工业出版社,2021.05 |
| 204页:图;26cm.-(计算机科学丛书) |
| 华章教育 |
| ISBN 978-7-111-67956-1:CNY79.00 |
| 本书详细介绍数值分析的理论和方法, 并用Julia编程语言给出了算法实现。第1章除了复习数值分析要用到的微积分知识外, 还介绍了Julia基础, 以及实数的计算机表达与由此产生的误差 ; 第2-5章涵盖数值分析课程的四部分内容: 方程求根、插值、数值积分和数值微分、逼近理论。 |
| ● |
| 相关链接 |
|
|
|
正题名:数值分析
索取号:O241/A760
 
预约/预借
| 序号 | 登录号 | 条形码 | 馆藏地/架位号 | 状态 | 备注 |
| 1 | 1539773 | 215397737 | 自科库401/401自科库 49排1列1层/ [索取号:O241/A760] | 在馆 | |
| 2 | 1539774 | 215397746 | 自科库401/401自科库 49排1列1层/ [索取号:O241/A760] | 在馆 |